000 00622cam a22002053a 4500
001 44590
003 PGUSA
005 20140828084022.0
008 140105s2014||||xxu|||||s|||||000 | eng d
040 _aPGUSA
_beng
042 _adc
100 1 _aRussell, William Clark,
_d1844-1911
245 1 2 _aA Tale of Two Tunnels :
_bA Romance of the Western Waters
_h[electronic resource] /
_cWilliam Clark Russell
260 _bProject Gutenberg,
_c2014
506 _aPublic domain in the USA.
516 _aElectronic text
830 0 _aProject Gutenberg
_v44590
856 4 0 _uhttp://www.gutenberg.org/ebooks/44590
942 _cEB
999 _c273841
_d273841